[Event "POL-chT 2nd League Juniors 2020"]
[Site "Sypniewo"]
[Date "2020.10.26"]
[Round "5.5"]
[White "Jedrzejko, Martyna"]
[Black "Seemann, Pola"]
[Result "1-0"]
[WhiteElo "1618"]
[BlackElo "1566"]
[Annotator "NA RC"]
[PlyCount "95"]
[EventDate "2020.10.23"]
[EventType "team-tourn"]
[EventCountry "POL"]
[SourceTitle "playchess.com"]
[Source "ChessBase"]
[SourceQuality "1"]
[TimeControl "5400+30"]

1. e4 {[%emt 0:00:00]} c5 {[%emt 0:00:00]} 2. Nf3 {[%emt 0:00:00]} e6 {[%emt 0:00:00]} 3. c4 {[%emt 0:00:00]} Nc6 {[%emt 0:00:30]} 4. Be2 {[%emt 0:00:20]} d6 {[%emt 0:02:05]} 5. d4 {[%emt 0:00:46]} cxd4 {[%emt 0:03:25]} 6. Nxd4 {[%emt 0:00:07]} Bd7 {[%emt 0:02:05]} 7. Nc3 {[%emt 0:01:02]} Nf6 {[%emt 0:00:53]} 8. Be3 {[%emt 0:02:16]} Nxd4 {[%emt 0:03:03]} 9. Qxd4 {[%emt 0:01:12]} Bc6 {[%emt 0:01:38]} 10. O-O {[%emt 0:02:22]} Be7 {[%emt 0:01:54]} 11. Rfd1 {[%emt 0:01:59]} e5 {[%emt 0:03:43]} 12. Qd3 {[%emt 0:01:09]} O-O {[%emt 0:00:46]} 13. b4 {[%emt 0:09:24]} b6 {[%emt 0:04:23]} 14. a4 {[%emt 0:02:28]} a5 {[%emt 0:08:49]} 15. bxa5 {[%emt 0:10:38]} bxa5 {[%emt 0:00:48]} 16. Rab1 {[%emt 0:01:28]} Qd7 {[%emt 0:01:29]} 17. Qc2 {[%emt 0:02:02]} Rfb8 {[%emt 0:08:07]} 18. f3 {[%emt 0:04:09]} Qc7 {[%emt 0:06:54]} 19. Qa2 {[%emt 0:04:06]} Nd7 {[%emt 0:08:12]} 20. Nb5 {[%emt 0:02:43]} Bxb5 {[%emt 0:00:32]} 21. cxb5 {[%emt 0:00:25]} Nb6 {[%emt 0:04:14]} 22. Rbc1 {[%emt 0:02:46]} Qb7 {[%emt 0:02:08]} 23. Rc6 {[%emt 0:00:27]} Nd7 {[%emt 0:03:30]} 24. Bc4 {[%emt 0:02:44]} Rf8 {[%emt 0:01:23]} 25. Bd5 {[%emt 0:01:06]} Qb8 {[%emt 0:03:58]} 26. Rc3 {[%emt 0:07:37]} Ra7 {[%emt 0:03:30]} 27. Bxa7 {[%emt 0:01:43]} Qxa7+ {[%emt 0:00:07]} 28. Kh1 {[%emt 0:00:18]} Nc5 {[%emt 0:00:21]} 29. Rf1 {[%emt 0:16:25]} Bg5 {[%emt 0:03:12]} 30. Rb1 {[%emt 0:06:33]} Qe7 {[%emt 0:02:02]} 31. b6 {[%emt 0:01:02]} Rb8 {[%emt 0:01:08]} 32. Rb5 {[%emt 0:02:32]} Bf4 {[%emt 0:02:00]} 33. g3 {[%emt 0:00:23]} Bg5 {[%emt 0:00:25]} 34. Rxa5 {[%emt 0:00:27]} Qd8 {[%emt 0:02:57]} 35. Bxf7+ {[%emt 0:04:17]} Kh8 {[%emt 0:00:33]} 36. Rb5 {[%emt 0:00:38]} Rxb6 {[%emt 0:00:46]} 37. Bc4 {[%emt 0:03:00]} Rc6 {[%emt 0:03:04]} 38. a5 {[%emt 0:03:53]} Rc7 {[%emt 0:00:32]} 39. Qb1 {[%emt 0:02:48]} Qd7 {[%emt 0:02:21]} 40. Rb8+ {[%emt 0:00:22]} Bd8 {[%emt 0:00:14]} 41. Bd5 {[%emt 0:01:07]} Ra7 {[%emt 0:00:56]} 42. Ra3 {[%emt 0:00:24]} Na6 {[%emt 0:02:50]} 43. Rb7 {[%emt 0:00:40]} Rxb7 {[%emt 0:00:19]} 44. Qxb7 {[%emt 0:00:04]} Qxb7 {[%emt 0:00:57]} 45. Bxb7 {[%emt 0:00:03]} Nc5 {[%emt 0:00:30]} 46. a6 {[%emt 0:00:10]} Nxb7 {[%emt 0:00:26]} 47. axb7 {[%emt 0:00:03]} Bc7 {[%emt 0:00:09]} 48. Ra8+ {[%emt 0:00:06]} 1-0

[Event "POL-chT 2nd League Juniors 2020"]
[Site "Sypniewo"]
[Date "2020.10.26"]
[Round "5.6"]
[White "Gaszka, Zuzanna"]
[Black "Wieczorek, Maja"]
[Result "1-0"]
[WhiteElo "1417"]
[BlackElo "1141"]
[Annotator "NA RC"]
[PlyCount "105"]
[EventDate "2020.10.23"]
[EventType "team-tourn"]
[EventCountry "POL"]
[SourceTitle "playchess.com"]
[Source "ChessBase"]
[SourceQuality "1"]
[TimeControl "5400+30"]

1. e4 c5 {[%emt 0:00:00]} 2. Nf3 {[%emt 0:00:00]} e6 {[%emt 0:00:00]} 3. d4 {[%emt 0:00:08]} cxd4 {[%emt 0:00:05]} 4. Nxd4 {[%emt 0:00:08]} Nf6 {[%emt 0:00:11]} 5. Nc3 {[%emt 0:00:30]} Bb4 {[%emt 0:00:15]} 6. e5 {[%emt 0:02:34]} Nd5 {[%emt 0:00:15]} 7. Qg4 {[%emt 0:36:23]} Kf8 {[%emt 0:02:08]} 8. Bd2 {[%emt 0:04:47]} Nxc3 {[%emt 0:01:19]} 9. Nxe6+ {[%emt 0:03:03]} dxe6 {[%emt 0:02:38]} 10. Qxb4+ {[%emt 0:00:10]} Qe7 {[%emt 0:01:33]} 11. Bxc3 {[%emt 0:01:09]} Nc6 {[%emt 0:01:10]} 12. Qxe7+ {[%emt 0:00:30]} Kxe7 {[%emt 0:00:14]} 13. O-O-O {[%emt 0:00:30]} Rd8 {[%emt 0:02:11]} 14. Rxd8 {[%emt 0:02:00]} Kxd8 {[%emt 0:00:11]} 15. Bb5 {[%emt 0:00:43]} Kc7 {[%emt 0:00:45]} 16. Rd1 {[%emt 0:01:57]} Bd7 {[%emt 0:04:43]} 17. f4 {[%emt 0:01:41]} a6 {[%emt 0:00:50]} 18. Bd3 {[%emt 0:00:45]} Ne7 {[%emt 0:02:12]} 19. Be4 {[%emt 0:01:20]} Bc6 {[%emt 0:03:51]} 20. Bxc6 {[%emt 0:01:16]} Nxc6 {[%emt 0:00:20]} 21. Rd3 {[%emt 0:02:56]} Rd8 {[%emt 0:02:24]} 22. Rg3 {[%emt 0:05:14]} g6 {[%emt 0:00:24]} 23. Rf3 {[%emt 0:02:35]} b6 {[%emt 0:01:36]} 24. g4 {[%emt 0:01:53]} Nd4 {[%emt 0:00:39]} 25. Bxd4 {[%emt 0:00:28]} Rxd4 {[%emt 0:00:09]} 26. c3 {[%emt 0:01:52]} Rd5 {[%emt 0:01:34]} 27. Rh3 {[%emt 0:00:44]} Kd7 {[%emt 0:00:46]} 28. Rxh7 {[%emt 0:00:28]} Ke7 {[%emt 0:00:10]} 29. Kc2 {[%emt 0:02:12]} b5 {[%emt 0:00:23]} 30. h4 {[%emt 0:03:41]} Rc5 {[%emt 0:01:27]} 31. b3 {[%emt 0:00:40]} Kf8 {[%emt 0:01:36]} 32. Rh8+ {[%emt 0:03:53]} Kg7 {[%emt 0:00:19]} 33. Ra8 {[%emt 0:00:18]} Rc6 {[%emt 0:00:16]} 34. Ra7 {[%emt 0:00:56]} Rb6 {[%emt 0:00:47]} 35. h5 {[%emt 0:01:01]} gxh5 {[%emt 0:01:55]} 36. gxh5 {[%emt 0:00:07]} Kh6 {[%emt 0:00:12]} 37. Rxf7 {[%emt 0:00:24]} Kxh5 {[%emt 0:00:09]} 38. Rf6 {[%emt 0:00:12]} Kg4 {[%emt 0:00:20]} 39. f5 {[%emt 0:00:18]} Rb8 {[%emt 0:07:53]} 40. fxe6 {[%emt 0:00:29]} Rh8 {[%emt 0:00:17]} 41. e7 {[%emt 0:00:33]} Re8 {[%emt 0:00:28]} 42. Rf7 {[%emt 0:00:21]} Kg5 {[%emt 0:00:18]} 43. e6 {[%emt 0:00:19]} Kg6 {[%emt 0:00:13]} 44. Kd3 {[%emt 0:00:13]} Kg5 {[%emt 0:00:23]} 45. Ke4 {[%emt 0:00:07]} Kg6 {[%emt 0:00:14]} 46. Kd5 {[%emt 0:00:06]} Kh6 {[%emt 0:00:37]} 47. Kd6 {[%emt 0:00:08]} Rg8 {[%emt 0:00:29]} 48. Rf8 {[%emt 0:00:14]} Rxf8 {[%emt 0:00:15]} 49. exf8=Q+ {[%emt 0:00:09]} Kg6 {[%emt 0:00:08]} 50. e7 {[%emt 0:00:26]} Kh5 {[%emt 0:00:16]} 51. Qg7 {[%emt 0:00:08]} Kh4 {[%emt 0:00:11]} 52. e8=R {[%emt 0:00:06]} Kh5 {[%emt 0:00:12]} 53. Rh8# {[%emt 0:00:05]} 1-0

[Event "POL-chT 2nd League Juniors 2020"]
[Site "Sypniewo"]
[Date "2020.10.26"]
[Round "5.6"]
[White "Gornisiewicz, Zuzanna"]
[Black "Lajdamik, Anna"]
[Result "1-0"]
[WhiteElo "1023"]
[BlackElo "1292"]
[Annotator "NA RC"]
[PlyCount "99"]
[EventDate "2020.10.23"]
[EventType "team-tourn"]
[EventCountry "POL"]
[SourceTitle "playchess.com"]
[Source "ChessBase"]
[SourceQuality "1"]
[TimeControl "5400+30"]

1. e4 {[%emt 0:00:00]} c6 {[%emt 0:00:00]} 2. d4 {[%emt 0:00:00]} d5 {[%emt 0:00:20]} 3. exd5 {[%emt 0:00:00]} cxd5 {[%emt 0:00:05]} 4. Bd3 {[%emt 0:00:03]} Nc6 {[%emt 0:00:32]} 5. c3 {[%emt 0:00:40]} Nf6 {[%emt 0:00:40]} 6. Bf4 {[%emt 0:01:00]} Bg4 {[%emt 0:00:53]} 7. Qb3 {[%emt 0:00:23]} Na5 {[%emt 0:01:14]} 8. Qc2 {[%emt 0:00:38]} e6 {[%emt 0:00:53]} 9. Nd2 {[%emt 0:02:08]} Bd6 {[%emt 0:02:55]} 10. Bxd6 {[%emt 0:01:37]} Qxd6 {[%emt 0:00:30]} 11. Ngf3 {[%emt 0:01:03]} Bxf3 {[%emt 0:01:20]} 12. Nxf3 {[%emt 0:00:26]} Nc6 {[%emt 0:01:45]} 13. O-O {[%emt 0:00:14]} O-O {[%emt 0:02:27]} 14. h3 {[%emt 0:00:59]} Rac8 {[%emt 0:01:31]} 15. a3 {[%emt 0:00:32]} a6 {[%emt 0:00:55]} 16. Rfe1 {[%emt 0:00:37]} b5 {[%emt 0:00:52]} 17. Qe2 {[%emt 0:00:40]} Rb8 {[%emt 0:27:29]} 18. Ne5 {[%emt 0:13:07]} Rb7 {[%emt 0:12:42]} 19. b3 {[%emt 0:02:50]} Rc8 {[%emt 0:06:37]} 20. c4 {[%emt 0:02:37]} Nxd4 {[%emt 0:06:24]} 21. Qb2 {[%emt 0:01:20]} dxc4 {[%emt 0:02:24]} 22. bxc4 {[%emt 0:00:29]} Rc5 {[%emt 0:05:40]} 23. Ng4 {[%emt 0:06:00]} Nxg4 {[%emt 0:00:59]} 24. hxg4 {[%emt 0:00:11]} e5 {[%emt 0:05:23]} 25. Rac1 {[%emt 0:01:07]} f6 {[%emt 0:03:03]} 26. cxb5 {[%emt 0:01:56]} axb5 {[%emt 0:01:03]} 27. a4 {[%emt 0:00:39]} Rxc1 {[%emt 0:07:39]} 28. Rxc1 {[%emt 0:00:20]} Rb8 {[%emt 0:03:37]} 29. axb5 {[%emt 0:01:00]} Nf3+ {[%emt 0:01:16]} 30. gxf3 {[%emt 0:00:33]} Qxd3 {[%emt 0:00:13]} 31. b6 {[%emt 0:00:16]} Qxf3 {[%emt 0:01:42]} 32. Qb4 {[%emt 0:00:58]} Qb7 {[%emt 0:00:41]} 33. Rb1 {[%emt 0:01:21]} Rd8 {[%emt 0:00:17]} 34. Qc4+ {[%emt 0:00:54]} Kh8 {[%emt 0:00:44]} 35. Qc7 {[%emt 0:00:34]} Rb8 {[%emt 0:00:11]} 36. Qxb7 {[%emt 0:02:55]} Rxb7 {[%emt 0:00:08]} 37. Kf1 {[%emt 0:00:08]} Kg8 {[%emt 0:00:33]} 38. Ke2 {[%emt 0:00:08]} Kf7 {[%emt 0:00:19]} 39. Kd3 {[%emt 0:00:11]} Ke6 {[%emt 0:00:34]} 40. Kc4 {[%emt 0:00:10]} Kd7 {[%emt 0:01:19]} 41. Kb5 {[%emt 0:00:16]} Kc8 {[%emt 0:00:12]} 42. Ra1 {[%emt 0:02:02]} g6 {[%emt 0:02:17]} 43. Kc6 {[%emt 0:00:56]} Rb8 {[%emt 0:00:38]} 44. Ra7 {[%emt 0:00:26]} Kd8 {[%emt 0:00:31]} 45. b7 {[%emt 0:00:23]} Ke7 {[%emt 0:00:30]} 46. Ra8 {[%emt 0:00:11]} Rxa8 {[%emt 0:00:21]} 47. bxa8=Q {[%emt 0:00:13]} f5 {[%emt 0:00:15]} 48. gxf5 {[%emt 0:00:09]} gxf5 {[%emt 0:00:04]} 49. Qa7+ {[%emt 0:00:05]} Kd8 {[%emt 0:00:56]} 50. Qd7# {[%emt 0:00:09]} 1-0

[Event "POL-chT 2nd League Juniors 2020"]
[Site "Sypniewo"]
[Date "2020.10.26"]
[Round "5.7"]
[White "Jedrusik, Adam"]
[Black "Lewandowski, Wiktor"]
[Result "1-0"]
[WhiteElo "1891"]
[BlackElo "1756"]
[Annotator "NA RC"]
[PlyCount "73"]
[EventDate "2020.10.23"]
[EventType "team-tourn"]
[EventCountry "POL"]
[SourceTitle "playchess.com"]
[Source "ChessBase"]
[SourceQuality "1"]
[TimeControl "5400+30"]

{[%evp 12,68,-10,32767,-4,32767,32767,32767,0,32767,32767,32767,32767,32767,25,23,32767,32767,33,38,64,32767,60,47,47,38,32767,54,151,172,257,9,95,98,92,65,960,433,519,495,460,469,473,479,813,391,389,149,195,184,174,32767,181,180,223,228,221,36,980]} 1. d4 {[%emt 0:00:00]} Nf6 {[%emt 0:00:00]} 2. Nf3 {[%emt 0:00:00]} e6 {[%emt 0:00:00]} 3. Bg5 {[%emt 0:00:00]} h6 {[%emt 0:01:47]} 4. Bh4 {[%emt 0:00:58]} d5 {[%emt 0:00:36]} 5. Nbd2 {[%emt 0:00:04]} Be7 {[%emt 0:01:05]} 6. e3 {[%emt 0:00:05]} O-O {[%emt 0:00:57]} 7. Bd3 {[%emt 0:00:42]} c5 {[%emt 0:03:25]} 8. c3 {[%emt 0:00:01]} Nc6 {[%emt 0:01:59]} 9. Ne5 {[%emt 0:01:25]} Nxe5 {[%emt 0:04:45]} 10. dxe5 {[%emt 0:00:05]} Nd7 {[%emt 0:00:50]} 11. Bxe7 {[%emt 0:00:09]} Qxe7 {[%emt 0:00:05]} 12. f4 {[%emt 0:00:25]} b6 {[%emt 0:05:13]} (12... c4 $5 {[%cal Rc4d3]} 13. Bc2 Qc5 $11) 13. O-O {[%emt 0:01:18]} Bb7 {[%emt 0:02:11]} 14. Nf3 {[%emt 0:01:42] D03: 1 d4 d5 2 Nf3 Nf6 3 Bg5, including Torre Attack with early ...d5.} a5 {[%emt 0:05:29]} 15. Qe2 {[%emt 0:08:05] [#]} Nb8 $146 {[%emt 0:05:11]} ({Predecessor:} 15... Rfd8 16. Rad1 f6 17. exf6 Qxf6 18. Bb5 Nf8 19. Ne5 Rd6 20. Nc4 Rad8 21. Nxd6 Rxd6 {1-0 (35) Stogov,A (2303)-Khropova,L (2112) Moscow 2011}) 16. Rf2 {[%emt 0:02:03]} Ba6 {[%emt 0:03:16]} 17. Bxa6 {[%emt 0:02:33]} Nxa6 {[%emt 0:00:13]} 18. g4 {[%emt 0:00:05]} c4 {[%emt 0:15:45]} 19. g5 {[%emt 0:04:06]} Rfc8 {[%emt 0:06:43]} (19... Nc5 $11) 20. gxh6 {[%emt 0:02:13]} gxh6 {[%emt 0:00:57]} (20... g6 {was called for.} 21. h4 Nc5) 21. Nd4 $2 {[%emt 0:02:50]} (21. Rg2+ $18 Kh8 22. e4) 21... f5 {[%emt 0:05:33] [#]} (21... Kh7 $11 {keeps the balance.}) 22. exf6 $1 {[%emt 0:02:09]} Qxf6 {[%emt 0:00:05]} 23. Kh1 {[%emt 0:02:55]} Kf7 $2 {[%emt 0:03:38]} (23... Kh8 $14) 24. e4 {[%emt 0:00:35]} (24. Rg1 $142) 24... dxe4 {[%emt 0:02:42]} 25. f5 {[%emt 0:06:48]} e5 {[%emt 0:01:10]} 26. Ne6 {[%emt 0:00:05]} Nc5 {[%emt 0:02:33]} 27. Rg1 {[%emt 0:01:08]} Rg8 {[%emt 0:02:04]} (27... Nd3 $142 28. Rfg2 Qxf5) 28. Rxg8 {[%emt 0:02:37]} (28. Rg6 $142 Rxg6 29. fxg6+ Kxe6 30. Qxc4+ (30. Rxf6+ Kxf6 31. Qxc4 Ra7 $18) 30... Ke7 31. Rxf6 Kxf6 32. Qf7+ Kg5 33. g7) 28... Rxg8 {[%emt 0:00:51]} 29. Nxc5 $2 {[%emt 0:00:33]} (29. Qxc4 $18 {is the precise move to win.} Ke7 30. Nxc5) 29... bxc5 {[%emt 0:02:17]} 30. Qxc4+ {[%emt 0:00:04] Double Attack} Kf8 {[%emt 0:00:27]} 31. Qxc5+ {[%emt 0:00:23]} Qe7 {[%emt 0:01:13] [#]} 32. Qc8+ $1 {[%emt 0:09:13]} ({Inferior is} 32. Qxa5 Rg1+ {[%mdl 64] Decoy} 33. Kxg1 Qg5+ 34. Rg2 Qc1+ 35. Kf2 Qd2+ 36. Kg3 Qg5+ {[%mdl 64] Double Attack} 37. Kh3 Qh5+ 38. Kg3 Qg5+ {Double Attack} 39. Kh3 Qh5+ 40. Kg3 Qg5+ $11 {Double Attack}) 32... Kf7 {[%emt 0:00:29]} 33. Qc4+ {[%emt 0:00:42] Double Attack} Kf8 {[%emt 0:00:08]} 34. f6 $2 {[%emt 0:00:44]} (34. Qxe4 $18 Qd7 35. Rf1) 34... Qd6 $18 {[%emt 0:01:10]} (34... Qb7 $16 35. Qc5+ Kf7) 35. f7 {[%emt 0:02:18]} Qd1+ {[%emt 0:01:32]} 36. Rf1 {[%emt 0:00:08]} Rg1+ {[%emt 0:00:57]} 37. Kxg1 {[%emt 0:00:02]} 1-0

[Event "POL-chT 2nd League Juniors 2020"]
[Site "Sypniewo"]
[Date "2020.10.26"]
[Round "5.7"]
[White "Majdanski, Maksymilian"]
[Black "Ursnik, Patryk"]
[Result "1-0"]
[WhiteElo "1817"]
[BlackElo "1645"]
[Annotator "NA RC"]
[PlyCount "53"]
[EventDate "2020.10.23"]
[EventType "team-tourn"]
[EventCountry "POL"]
[SourceTitle "playchess.com"]
[Source "ChessBase"]
[SourceQuality "1"]
[TimeControl "5400+30"]

{[%evp 12,47,37,39,52,43,34,32767,32767,47,56,32767,70,72,32767,55,116,72,85,8,8,0,69,19,0,0,30,25,45,27,33,27,56,32767,32767,105,154,136]} 1. d4 {[%emt 0:00:00]} d5 {[%emt 0:00:09]} 2. c4 {[%emt 0:00:00]} c6 {[%emt 0:00:33]} 3. Nf3 {[%emt 0:00:20]} e6 {[%emt 0:00:48]} 4. g3 {[%emt 0:00:55]} dxc4 {[%emt 0:00:08]} 5. Bg2 {[%emt 0:01:07]} Nf6 {[%emt 0:03:12]} 6. Ne5 {[%emt 0:07:11]} Nbd7 {[%emt 0:05:25]} 7. Nxc4 {[%emt 0:00:27]} Be7 {[%emt 0:00:59]} 8. O-O {[%emt 0:01:17]} O-O {[%emt 0:00:07]} 9. Nc3 {[%emt 0:01:54]} Nb6 {[%emt 0:05:18] E06: Closed Catalan: Early deviations.} 10. Ne5 {[%emt 0:05:03]} Nfd5 {[%emt 0:01:10]} 11. e4 {[%emt 0:04:41]} Nc7 {[%emt 0:01:41]} 12. Be3 {[%emt 0:06:26]} f6 {[%emt 0:04:05]} 13. Nd3 {[%emt 0:03:49] [#]} f5 $146 {[%emt 0:03:19]} ({Predecessor:} 13... Nc4 $14 14. Bf4 Kh8 15. Qe2 Nd6 16. Rad1 Ncb5 17. Nc5 b6 18. e5 Nxc3 19. bxc3 Nb5 20. exf6 Bxf6 {1-0 (42) Dobrovolsky,K (2223)-Nagaytseva,M (1548) Kimry 2015}) 14. Nf4 {[%emt 0:16:21]} Kh8 {[%emt 0:07:11]} 15. f3 {[%emt 0:04:20]} (15. exf5 $16 exf5 16. d5) 15... Nc4 {[%emt 0:01:33]} 16. Qe2 {[%emt 0:01:08]} b5 {[%emt 0:07:34]} (16... Nxe3 $11 17. Qxe3 g5) 17. b3 {[%emt 0:07:03]} Nxe3 {[%emt 0:02:33]} 18. Qxe3 {[%emt 0:00:01]} b4 {[%emt 0:00:25]} 19. Na4 {[%emt 0:01:14]} Nb5 {[%emt 0:05:57]} 20. Rfd1 {[%emt 0:03:17]} Bg5 {[%emt 0:00:39]} 21. Rac1 {[%emt 0:04:43]} fxe4 {[%emt 0:04:59]} 22. fxe4 {[%emt 0:02:01]} Qf6 {[%emt 0:02:29]} 23. e5 {[%emt 0:01:56]} Bxf4 $16 {[%emt 0:00:33]} 24. Qxf4 {[%emt 0:01:42]} (24. exf6 $2 {is the wrong capture.} Bxe3+ 25. Kh1 Bxc1 $19) 24... Qxf4 {[%emt 0:00:06]} 25. gxf4 {[%emt 0:00:05]} Rxf4 {[%emt 0:00:56]} 26. Bxc6 {[%emt 0:01:50]} Bb7 {[%emt 0:11:17]} 27. Bxb7 {[%emt 0:03:04]} 1-0

[Event "POL-chT 2nd League Juniors 2020"]
[Site "Sypniewo"]
[Date "2020.10.26"]
[Round "5.8"]
[White "Kolodziejski, Piotr"]
[Black "Bujalski, Mateusz"]
[Result "0-1"]
[WhiteElo "1905"]
[BlackElo "1865"]
[Annotator "TA"]
[PlyCount "62"]
[EventDate "2020.10.23"]
[EventType "team-tourn"]
[EventCountry "POL"]
[SourceTitle "playchess.com"]
[Source "ChessBase"]
[SourceQuality "1"]

{[%evp 9,62,16,15,10,29,0,0,4,1,0,0,-15,0,2,14,-27,63,43,54,62,74,-31,-15,-8,-8,-8,-14,-12,-13,-37,0,0,21,29,31,28,30,22,35,41,24,0,30,27,30,-104,-111,-1439,-1408,-29993,-29992,-29994,-29995,-29995,-29996]} 1. e4 {Doe,John} c6 2. d4 d5 3. Nc3 a6 4. Nf3 Bg4 5. Be2 e6 6. O-O {B15: Caro-Kann: 3 Nc3: 3...g6 and 3...dxe4 4 Nxe4 Nf6 5 Nxf6+ exf6.} Nf6 7. exd5 cxd5 8. h3 {The position is equal.} Bh5 9. Ne5 Bxe2 10. Qxe2 Nc6 11. Nxc6 bxc6 {[#]} 12. f4 $146 ({Predecessor:} 12. Qd3 Be7 13. Re1 O-O 14. Bf4 c5 15. dxc5 Bxc5 16. Re2 Bd6 17. Bg5 h6 18. Bh4 {½-½ (44) Tortosa Moros,J (1640)-Gomez de Argila,L (1503) Barcelona 2019 EXT 2020 [Doe,John]}) 12... g6 (12... Qb6 $11) 13. f5 $1 $14 {[%cal Rf5e6]} gxf5 14. Rxf5 Be7 15. Bg5 ({Better is} 15. Rf2 $16) 15... exf5 $15 16. Bxf6 $1 Rg8 17. Re1 {[%cal Rf6e7]} Ra7 18. Qh5 Rg6 19. Bh4 h6 (19... Kf8 $5 {[%cal Re7h4]} 20. Rxe7 Rxe7 21. Qxh7 {[#]} Re1+ $3 {[%mdl 512]} 22. Bxe1 Qg5 $15) 20. Qxf5 Kf8 21. Rf1 $1 {[%csl Gf1,LRf7,LRg6][%cal Rf5f7]} Rg7 ({Don't go for} 21... Bxh4 $2 22. Qxg6 Bg5 23. Qxc6 $18) 22. Bg3 $1 Qd7 {And now ...Qxf5 would win.} 23. Be5 f6 $1 24. Bxf6 Bxf6 25. Qxf6+ Kg8 26. Qxh6 Qe8 $1 27. Na4 (27. Qd2 $11) 27... Rxg2+ $40 {[%mdl 128] Black goes for the king.} 28. Kh1 $2 {[%mdl 8192] This costs White the game.} (28. Kxg2 $17 Rg7+ 29. Qxg7+ Kxg7 30. Nc5) 28... Rag7 $19 {( -> ...Rh2+!)} 29. Qf4 Qe6 {Black mates.} 30. Qf3 {[#]} R2g3 $1 {[%cal Re6h3][%mdl 576] Double Attack} 31. Qf8+ Kh7 {Av CentiPawn Loss W=-90/B=-10. Weighted=-69/-11} 0-1

[Event "POL-chT 2nd League Juniors 2020"]
[Site "Sypniewo"]
[Date "2020.10.26"]
[Round "5.9"]
[White "Wieckowski, Michal"]
[Black "Komendecki, Antoni"]
[Result "0-1"]
[WhiteElo "1494"]
[BlackElo "1801"]
[Annotator "NA RC"]
[PlyCount "42"]
[EventDate "2020.10.23"]
[EventType "team-tourn"]
[EventCountry "POL"]
[SourceTitle "playchess.com"]
[Source "ChessBase"]
[SourceQuality "1"]
[TimeControl "5400+30"]

1. b3 {[%emt 0:00:00]} c5 {[%emt 0:01:44]} 2. Bb2 {[%emt 0:01:47]} Nf6 {[%emt 0:00:14]} 3. e3 {[%emt 0:01:34]} d5 {[%emt 0:02:29]} 4. f4 {[%emt 0:04:56]} a6 {[%emt 0:02:58]} 5. a4 {[%emt 0:02:06]} Nc6 {[%emt 0:00:24]} 6. Nf3 {[%emt 0:01:28]} g6 {[%emt 0:04:11]} 7. Be2 {[%emt 0:03:58]} Bg7 {[%emt 0:00:57]} 8. O-O {[%emt 0:01:00]} O-O {[%emt 0:00:58]} 9. Na3 {[%emt 0:17:23]} Qc7 {[%emt 0:32:11]} 10. Qe1 {[%emt 0:08:56]} Rd8 {[%emt 0:01:12]} 11. Qh4 {[%emt 0:03:40]} Bf5 $11 {[%emt 0:23:47]} 12. Ng5 {[%emt 0:16:57]} h6 {[%emt 0:01:12]} 13. g4 {[%emt 0:02:46]} hxg5 {[%emt 0:05:47]} 14. fxg5 {[%emt 0:06:21]} Nxg4 {[%emt 0:00:16]} 15. Bxg7 {[%emt 0:00:16]} Kxg7 {[%emt 0:00:05]} 16. Bxg4 {[%emt 0:02:59]} Rh8 {[%emt 0:00:09]} 17. Qf2 {[%emt 0:00:09]} Ne5 {[%emt 0:01:27]} 18. Bxf5 {[%emt 0:04:04]} Nf3+ {[%emt 0:00:15]} 19. Kg2 {[%emt 0:00:29]} Rxh2+ {[%emt 0:00:38]} 20. Kxf3 {[%emt 0:00:05]} Rxf2+ {[%emt 0:00:04]} 21. Rxf2 {[%emt 0:00:14]} gxf5 {[%emt 0:00:14]} 0-1

[Event "POL-chT 2nd League Juniors 2020"]
[Site "Sypniewo"]
[Date "2020.10.26"]
[Round "5.9"]
[White "Lochinski, Pawel"]
[Black "Cieply, Krzysztof"]
[Result "0-1"]
[WhiteElo "1426"]
[BlackElo "1573"]
[Annotator "NA RC"]
[PlyCount "58"]
[EventDate "2020.10.23"]
[EventType "team-tourn"]
[EventCountry "POL"]
[SourceTitle "playchess.com"]
[Source "ChessBase"]
[SourceQuality "1"]
[TimeControl "5400+30"]

1. e4 {[%emt 0:00:00]} c5 {[%emt 0:00:00]} 2. Nf3 {[%emt 0:00:00]} Nc6 {[%emt 0:00:00]} 3. Bb5 {[%emt 0:00:00]} g6 {[%emt 0:00:02]} 4. O-O {[%emt 0:00:07]} Bg7 {[%emt 0:00:11]} 5. Re1 {[%emt 0:00:08]} Nf6 {[%emt 0:00:14]} 6. e5 {[%emt 0:00:47]} Nd5 {[%emt 0:00:33]} 7. Nc3 {[%emt 0:00:05]} Nxc3 {[%emt 0:00:45]} 8. dxc3 {[%emt 0:00:24]} O-O {[%emt 0:00:26]} 9. a4 {[%emt 0:11:18]} Qc7 {[%emt 0:06:58]} 10. Bf4 {[%emt 0:13:50]} a6 {[%emt 0:01:58]} 11. Bc4 {[%emt 0:02:57]} e6 {[%emt 0:04:24]} 12. Qe2 {[%emt 0:11:18]} b6 {[%emt 0:01:18]} 13. Nd2 {[%emt 0:04:45]} Bb7 {[%emt 0:01:16]} 14. Bd3 {[%emt 0:08:41]} Ne7 {[%emt 0:15:38]} 15. Nc4 {[%emt 0:07:05]} Bc6 {[%emt 0:12:28]} 16. Nd6 {[%emt 0:06:24]} a5 {[%emt 0:00:13]} 17. Bb5 {[%emt 0:04:57]} f6 18. Rad1 g5 {[%emt 0:27:00]} 19. Bg3 {[%emt 0:03:47]} f5 {[%emt 0:02:51]} 20. Bxc6 dxc6 21. f3 {[%emt 0:06:51]} Ng6 {[%emt 0:02:36]} 22. Nc4 {[%emt 0:01:23]} f4 {[%emt 0:01:01]} 23. Bf2 {[%emt 0:00:03]} Rf5 {[%emt 0:00:14]} 24. Rd6 {[%emt 0:03:40]} b5 {[%emt 0:02:02]} 25. Rxe6 {[%emt 0:00:05]} bxc4 {[%emt 0:00:12]} 26. Qxc4 {[%emt 0:00:01]} Qf7 {[%emt 0:00:41]} 27. b3 {[%emt 0:02:17]} Nxe5 {[%emt 0:01:20]} 28. R6xe5 {[%emt 0:02:29]} Rxe5 {[%emt 0:00:28]} 29. Rxe5 {[%emt 0:00:08]} Qxc4 {[%emt 0:00:12]} 0-1